<?xml version="1.0" encoding="UTF-8"?><?xml-stylesheet type="text/xsl" href="static/style.xsl"?><OAI-PMH xmlns="http://www.openarchives.org/OAI/2.0/" xmlns:xsi="http://www.w3.org/2001/XMLSchema-instance" xsi:schemaLocation="http://www.openarchives.org/OAI/2.0/ http://www.openarchives.org/OAI/2.0/OAI-PMH.xsd"><responseDate>2026-04-18T02:25:44Z</responseDate><request verb="GetRecord" identifier="oai:riubu.ubu.es:10259/5936" metadataPrefix="marc">https://riubu.ubu.es/oai/request</request><GetRecord><record><header><identifier>oai:riubu.ubu.es:10259/5936</identifier><datestamp>2024-05-30T11:03:58Z</datestamp><setSpec>com_10259_2699</setSpec><setSpec>col_10259_2705</setSpec></header><metadata><record xmlns="http://www.loc.gov/MARC21/slim" xmlns:doc="http://www.lyncode.com/xoai" xmlns:xsi="http://www.w3.org/2001/XMLSchema-instance" xmlns:dcterms="http://purl.org/dc/terms/" xsi:schemaLocation="http://www.loc.gov/MARC21/slim http://www.loc.gov/standards/marcxml/schema/MARC21slim.xsd">
<leader>00925njm 22002777a 4500</leader>
<datafield tag="042" ind1=" " ind2=" ">
<subfield code="a">dc</subfield>
</datafield>
<datafield tag="720" ind1=" " ind2=" ">
<subfield code="a">López García, Tania</subfield>
<subfield code="e">author</subfield>
</datafield>
<datafield tag="260" ind1=" " ind2=" ">
<subfield code="c">2020</subfield>
</datafield>
<datafield tag="520" ind1=" " ind2=" ">
<subfield code="a">La presente tesis recoge un estudio del cine checoslovaco de los años sesenta, cuando tiene lugar la Nueva Ola (1963-1968), uno de los momentos más reconocidos a nivel internacional. Como objetivo principal, busca reconstruir los cimientos sobre los que se estructura nuestro conocimiento del tema, saliendo de las comparaciones con otros cines y trabajando desde un enfoque individualizado.&#xd;
Desde esta singularidad, se construye paulatinamente la significación y relevancia de las producciones de este periodo, las cuales tienen un gran sentido crítico y un carácter comprometido con la sociedad. A través de cuatro capítulos, se recorre la historia de Checoslovaquia, la consolidación del Cine Moderno, la aproximación a multitud de directores vinculados al tema, y se realiza el análisis fílmico para evaluar su pertenencia a la narrativa y técnica del Cine Clásico o del Nuevo Cine.</subfield>
</datafield>
<datafield tag="024" ind2=" " ind1="8">
<subfield code="a">http://hdl.handle.net/10259/5936</subfield>
</datafield>
<datafield tag="024" ind2=" " ind1="8">
<subfield code="a">10.36443/10259/5936</subfield>
</datafield>
<datafield ind1=" " ind2=" " tag="653">
<subfield code="a">Nueva ola</subfield>
</datafield>
<datafield ind1=" " ind2=" " tag="653">
<subfield code="a">Cine</subfield>
</datafield>
<datafield ind1=" " ind2=" " tag="653">
<subfield code="a">Cine checoslovaco</subfield>
</datafield>
<datafield ind1=" " ind2=" " tag="653">
<subfield code="a">Cine checo</subfield>
</datafield>
<datafield ind1=" " ind2=" " tag="653">
<subfield code="a">Cine moderno</subfield>
</datafield>
<datafield ind1=" " ind2=" " tag="653">
<subfield code="a">New wave</subfield>
</datafield>
<datafield ind1=" " ind2=" " tag="653">
<subfield code="a">Cinema</subfield>
</datafield>
<datafield ind1=" " ind2=" " tag="653">
<subfield code="a">Czechoslovak cinema</subfield>
</datafield>
<datafield ind1=" " ind2=" " tag="653">
<subfield code="a">Czech cinema</subfield>
</datafield>
<datafield ind1=" " ind2=" " tag="653">
<subfield code="a">Modern cinema</subfield>
</datafield>
<datafield tag="245" ind1="0" ind2="0">
<subfield code="a">Narrativa del cine checoslovaco de la Nueva Ola (Nová Vlna)</subfield>
</datafield>
</record></metadata></record></GetRecord></OAI-PMH>